000 00645nam a2200217Ia 4500
005 20241129111334.0
008 241129s9999||||xx |||||||||||||| ||und||
020 _a978-0-7556-4626-5
037 _aTB
040 _aCRL
_beng
_cCRL
041 _aeng
_2eng
084 _aX:51.L R3
_qCRL
100 _aGood Peter Au.
_9724129
245 0 _aEast India company in Persia: trade and cultural exchange in the eighteenth century
_cGood Peter Au.
260 _aLondon, UK
_bI.B. Tauris
_c2023
300 _axvii,199p.
365 _aUKP
_b28.99
650 _aEconomicsTrade
_9726331
942 _cTB
_hX:51.L R3
999 _c1229994
_d1229994